Представление документа в формате RUSMARC

Поле Инд. ПП Название Значение
Тип записи a
Библиографический уровень a
001 Контрольный номер 6fe9a2232f494d2ab1d3b9617bc0242a
005 Дата корректировки 20260427120343.9
100 a Данные общей обработки 20260427 ||| 0rusy0189 ca
101 0_ a Язык текста rus
102 a Страна публикации RU
200 1_ a Заглавие Судебное решение: коммуникация, легитимация и культура
b Общее обозначение материала Текст
203 a Вид содержания Текст
210 1_ d Дата издания 2026
300 a Общие примечания Чтение статьи доступно в Источнике
336 a Примечание о виде электронного ресурса PDF
461 _0 1 2000
a Правосудие
463 _0 1 2000
a № 1
b Электронный ресурс
v С. 24-32
1 2101
d 2026
1 001f36c2e215bd94ef8909520acb0e97968
606 a Основная рубрика Право. Юридические науки
x Основная подрубрика Правоохранительные и судебные органы
610 0_ a Ключевые слова СУДЕБНОЕ РЕШЕНИЕ
a Ключевые слова ЭЛЕКТРОННОЕ ПРАВОСУДИЕ
a Ключевые слова СУДЕБНАЯ ВЛАСТЬ
700 _1 a Фамилия Дубинин
b Имя М.Г.
801 _0 a Страна RU
b Организация РГУП
c Дата составления 20260427
g Правила каталогизации PSBO
801 _1 a Страна RU
b Организация РГУП
c Дата составления 20260427
g Правила каталогизации PSBO
901 t Тип документа b
w Контрольный № источника f36c2e215bd94ef8909520acb0e97968
905 a Дата ввода 20260427